=LDR 00000nam 2200000 4500 =001 INLIS000000000010047 =005 20130612101802 =008 ***********************************Ind** =035 ##$$0010-061300000010047 =041 ##$$a Ind =082 ##$$a 028.5 =090 ##$$a 028.5, Ber s =100 ##$$a Bertino, Andree =245 ##$$a Sungai thames hidup kembali, Andre Bertino =260 ##$$a 1995 $b Bogor =300 ##$$a 24 hlm, ilus, 19 cm =650 ##$$a Bacaan anak-anak =850 ##$$a NBPNMAT